[Event "Plzen, FSB A"]
[Site "?"]
[Date "2000.??.??"]
[Round "9"]
[White "Pecka, F."]
[Black "Balin, K."]
[Result "0-1"]
[WhiteElo "2225"]
[BlackElo "2065"]
[PlyCount "134"]
[EventDate "2000.??.??"]
[Source "ChessBase"]
[SourceDate "1996.11.15"]

1. d4 Nf6 2. c4 e6 3. Nf3 d5 4. Nc3 Be7 5. Bg5 Nbd7 6. e3 O-O 7. h3 a6 8. Qc2
dxc4 9. Bxc4 b5 10. Be2 Bb7 11. a3 c5 12. O-O cxd4 13. Nxd4 Rc8 14. Rfd1 Qb6
15. Bf3 Rfd8 16. Qe2 Ne5 17. Bxb7 Qxb7 18. e4 h6 19. Bf4 Nc4 20. e5 Nd5 21.
Nxd5 Rxd5 22. Nf3 Rcd8 23. Rxd5 Qxd5 24. a4 Bc5 25. axb5 axb5 26. Kh2 Qd3 27.
Re1 Qb3 28. Bc1 Bb4 29. Rg1 Rd5 30. Qe4 Bc5 31. Rf1 Qd3 32. Qe1 Qf5 33. Qc3
Nxe5 34. Nh4 Qd3 35. Qxd3 Nxd3 36. Kg3 g5 37. Nf3 Bd6+ 38. Kg4 f5+ 39. Kh5 Kg7
40. h4 Bf4 41. Be3 Bxe3 42. fxe3 g4 43. Nd4 Kf6 44. g3 Ne5 45. b3 Nd7 46. Ra1
f4+ 47. Kxg4 fxe3 48. Ne2 Rd3 49. Ra6 Rxb3 50. Nf4 Nf8 51. h5 Ke5 52. Ra7 Rb4
53. Kf3 Ra4 54. Rf7 Ra8 55. Rb7 Kd6 56. Rxb5 Ra3 57. Ke2 Nd7 58. Nd3 Kc6 59.
Rb2 Ra5 60. Kxe3 Rxh5 61. Nf4 Rg5 62. Kf3 e5 63. Rc2+ Kd6 64. Rd2+ Ke7 65. Nd5+
Kf7 66. g4 Nc5 67. Rc2 e4+ 0-1

[Event "Plzen, FSB A"]
[Site "?"]
[Date "2000.??.??"]
[Round "9"]
[White "Blecha, M."]
[Black "Skacel, J."]
[Result "0-1"]
[WhiteElo "2205"]
[BlackElo "2030"]
[PlyCount "86"]
[EventDate "2000.??.??"]
[Source "ChessBase"]
[SourceDate "1996.11.15"]

1. e4 c5 2. Nf3 Nc6 3. d4 cxd4 4. Nxd4 Nf6 5. Nc3 e6 6. Ndb5 Bb4 7. a3 Bxc3+ 8.
Nxc3 d5 9. exd5 exd5 10. Bd3 O-O 11. O-O h6 12. Bf4 d4 13. Nb5 Nd5 14. Bg3 Be6
15. Re1 Qd7 16. Nd6 Bg4 17. Qd2 Nf6 18. h3 Be6 19. Re2 Ne8 20. Ne4 Qd5 21. Rae1
Rc8 22. Bf4 Qh5 23. Ng3 Qh4 24. Nf5 Qf6 25. g4 Bxf5 26. Bxf5 Rd8 27. Bd3 g5 28.
Bg3 Ng7 29. f4 Ne6 30. f5 Nc5 31. Bc4 d3 32. cxd3 b5 33. Bxb5 Nd4 34. Qe3 Nxe2+
35. Rxe2 Qb6 36. d4 Qxb5 37. dxc5 Rd3 38. Qe5 Rxg3+ 39. Kf2 Rxh3 40. f6 Qb3 41.
Qd6 Qf3+ 42. Ke1 Rh1+ 43. Kd2 Rb1 0-1

[Event "Plzen, FSB A"]
[Site "?"]
[Date "2000.??.??"]
[Round "9"]
[White "Gschwendtner, S."]
[Black "Bujak, M."]
[Result "0-1"]
[WhiteElo "2185"]
[BlackElo "1990"]
[PlyCount "86"]
[EventDate "2000.??.??"]
[Source "ChessBase"]
[SourceDate "1996.11.15"]

1. c4 Nf6 2. Nc3 e5 3. g3 d5 4. cxd5 Nxd5 5. Bg2 Be6 6. Nf3 Nc6 7. d4 Bb4 8.
Bd2 exd4 9. Nxd5 Bxd2+ 10. Qxd2 Bxd5 11. b4 O-O 12. O-O a6 13. Rfd1 Qd6 14. a3
Rad8 15. Qb2 Qf6 16. a4 Ne5 17. Nxe5 Qxe5 18. Qxd4 Qxd4 19. Rxd4 Bxg2 20. Rxd8
Rxd8 21. Kxg2 Kf8 22. Ra2 Rd4 23. Rb2 Ke7 24. Kf3 Kd6 25. Ke3 Kd5 26. Rb3 Kc4
27. Rb1 Rd7 28. h4 c6 29. g4 Kc3 30. b5 axb5 31. axb5 Re7+ 32. Kf3 c5 33. b6 c4
34. Rb5 Re6 35. e3 Kd3 36. Rd5+ Kc2 37. Rb5 c3 38. e4 Kd2 39. e5 Rc6 40. Rd5+
Ke1 41. Rd6 Rc5 42. e6 fxe6 43. Rxe6+ Kf1 0-1

[Event "Plzen, FSB A"]
[Site "?"]
[Date "2000.??.??"]
[Round "9"]
[White "Mazakova, P."]
[Black "Pokrupa, M."]
[Result "1/2-1/2"]
[WhiteElo "2315"]
[BlackElo "2085"]
[PlyCount "25"]
[EventDate "2000.??.??"]
[Source "ChessBase"]
[SourceDate "1996.11.15"]

1. e4 c5 2. c3 Qa5 3. Nf3 Nc6 4. Be2 g6 5. O-O Bg7 6. Re1 e5 7. Na3 Nge7 8. Nb5
O-O 9. Nd6 Qc7 10. Nxc8 Raxc8 11. a4 Rfd8 12. d3 d5 13. Qc2 1/2-1/2

[Event "Plzen, FSB A"]
[Site "?"]
[Date "2000.??.??"]
[Round "9"]
[White "Krejcik, J."]
[Black "Ungr, D."]
[Result "1/2-1/2"]
[WhiteElo "2080"]
[BlackElo "2155"]
[PlyCount "91"]
[EventDate "2000.??.??"]
[Source "ChessBase"]
[SourceDate "1996.11.15"]

1. f4 d5 2. Nf3 Nf6 3. e3 g6 4. d4 Bg7 5. Bd3 Bf5 6. O-O O-O 7. Ne5 Bxd3 8.
Nxd3 Ne4 9. f5 gxf5 10. Rxf5 e6 11. Rh5 Nd7 12. Nd2 f5 13. Nf4 Qe8 14. Nf3 Rf6
15. Qe1 Rh6 16. Rxh6 Bxh6 17. Qh4 Bxf4 18. exf4 Ndf6 19. Ng5 Kg7 20. a4 h6 21.
Ra3 hxg5 22. fxg5 Ng4 23. h3 Qg6 24. hxg4 Rh8 25. Qe1 Qh7 26. Rh3 Qg6 27. Rxh8
Kxh8 28. Bf4 Kg8 29. Qh4 fxg4 30. Qxg4 Qf5 31. Qxf5 exf5 32. Bxc7 Nxg5 33. Kf2
Kf7 34. Ke3 Ke6 35. b3 Nh7 36. Bd8 Nf8 37. c4 Ng6 38. g3 Kd7 39. Bg5 Kd6 40.
Bf4+ Kc6 41. Kd3 a6 42. b4 dxc4+ 43. Kxc4 b5+ 44. axb5+ axb5+ 45. Kd3 Nxf4+ 46.
gxf4 1/2-1/2

[Event "Plzen, FSB A"]
[Site "?"]
[Date "2000.??.??"]
[Round "9"]
[White "Hallerova, E."]
[Black "Kamenik, M."]
[Result "1/2-1/2"]
[WhiteElo "2150"]
[BlackElo "2005"]
[PlyCount "67"]
[EventDate "2000.??.??"]
[Source "ChessBase"]
[SourceDate "1996.11.15"]

1. d4 Nf6 2. Nf3 d6 3. g3 g6 4. Bg2 Bg7 5. O-O O-O 6. c4 c6 7. Nc3 Nbd7 8. e4
e5 9. h3 h6 10. b3 Qc7 11. Bb2 Re8 12. Re1 Kh7 13. Qd2 a5 14. Rad1 Nh5 15. dxe5
dxe5 16. Ba3 Bf8 17. Bd6 Bxd6 18. Qxd6 Qxd6 19. Rxd6 Re7 20. Red1 Nhf6 21. Ne1
Kg7 22. f3 Ne8 23. R6d2 Nc7 24. Kf2 Rb8 25. Bf1 Ne6 26. Nc2 Ndc5 27. h4 Rd7 28.
Ke3 Kf8 29. f4 Rxd2 30. Rxd2 f6 31. f5 gxf5 32. exf5 Ng7 33. g4 Ke7 34. Bh3
1/2-1/2

[Event "Plzen, FSB A"]
[Site "?"]
[Date "2000.??.??"]
[Round "9"]
[White "Brousek, J."]
[Black "Ratolistka, J."]
[Result "0-1"]
[WhiteElo "2050"]
[BlackElo "2150"]
[PlyCount "122"]
[EventDate "2000.??.??"]
[Source "ChessBase"]
[SourceDate "1996.11.15"]

1. d4 d5 2. Nf3 Nf6 3. Bg5 Ne4 4. Bf4 e6 5. e3 Be7 6. Nbd2 f5 7. Ne5 O-O 8. h4
Nxd2 9. Qxd2 Nd7 10. Bd3 Nxe5 11. Bxe5 Bxh4 12. O-O-O Bf6 13. f4 b6 14. g4 g6
15. Rdg1 Bxe5 16. fxe5 Qe7 17. Qh2 Qg7 18. g5 c5 19. c3 c4 20. Bc2 b5 21. Qf4
Qe7 22. Rh6 Rf7 23. Rgh1 Bd7 24. Qh4 Rg7 25. a3 a5 26. Kd2 Bc6 27. Ra1 b4 28.
axb4 axb4 29. Rxa8+ Bxa8 30. Qf4 Qa7 31. Qf1 Qa5 32. Rh1 Ra7 33. Qe1 Bc6 34.
Qd1 Qa2 35. Qc1 bxc3+ 36. bxc3 Ba4 37. Qb1 Qxc2+ 38. Qxc2 Bxc2 39. Kxc2 Ra2+
40. Kb1 Rg2 41. Ka1 Rxg5 42. Rb1 Rg3 43. Rb8+ Kg7 44. Rb7+ Kf8 45. Rxh7 Rxe3
46. Kb2 g5 47. Rh6 Kf7 48. Rh7+ Kg6 49. Re7 f4 50. Rxe6+ Kf5 51. Rf6+ Kg4 52.
e6 f3 53. Kc2 Kg3 54. Rf5 Rxe6 55. Rxg5+ Kh3 56. Kd2 f2 57. Rf5 Kg3 58. Rg5+
Kf4 59. Rg8 Re1 60. Rf8+ Kg3 61. Rg8+ Kh4 0-1

[Event "Plzen, FSB A"]
[Site "?"]
[Date "2000.??.??"]
[Round "9"]
[White "Vanek, T."]
[Black "Schauer, J."]
[Result "1/2-1/2"]
[WhiteElo "2030"]
[BlackElo "2140"]
[PlyCount "31"]
[EventDate "2000.??.??"]
[Source "ChessBase"]
[SourceDate "1996.11.15"]

1. d4 Nf6 2. Nf3 e6 3. Bg5 Be7 4. e3 b6 5. Nbd2 Bb7 6. c4 O-O 7. Bd3 c5 8. O-O
d5 9. Rc1 Nbd7 10. Qc2 h6 11. Bf4 Nh5 12. Bg3 Nxg3 13. hxg3 Rc8 14. b3 Qc7 15.
Qb2 Qb8 16. Ne5 1/2-1/2

[Event "Plzen, FSB A"]
[Site "?"]
[Date "2000.??.??"]
[Round "9"]
[White "Racek, J."]
[Black "Hejberg, C."]
[Result "1/2-1/2"]
[WhiteElo "2130"]
[BlackElo "2115"]
[PlyCount "27"]
[EventDate "2000.??.??"]
[Source "ChessBase"]
[SourceDate "1996.11.15"]

1. d4 Nf6 2. c4 g6 3. Nc3 Bg7 4. e4 d6 5. f3 O-O 6. Be3 a6 7. Qd2 Nc6 8. Nge2
Rb8 9. d5 Ne5 10. Ng3 e6 11. h3 exd5 12. cxd5 b5 13. f4 Ned7 14. b4 1/2-1/2

[Event "Plzen, FSB A"]
[Site "?"]
[Date "2000.??.??"]
[Round "9"]
[White "Straka, Z."]
[Black "Stehlik, J."]
[Result "1/2-1/2"]
[WhiteElo "1890"]
[BlackElo "2105"]
[PlyCount "57"]
[EventDate "2000.??.??"]
[Source "ChessBase"]
[SourceDate "1996.11.15"]

1. d4 d5 2. Nf3 c5 3. c3 cxd4 4. cxd4 Qb6 5. Nc3 Nf6 6. Na4 Qd8 7. Nc3 Qb6 8.
Na4 Qd8 9. Qb3 Nc6 10. Bf4 e6 11. a3 Ne4 12. e3 g5 13. Be5 f6 14. Bg3 h5 15. h3
Nxg3 16. fxg3 Bd6 17. Bd3 Bxg3+ 18. Ke2 Kf7 19. Rhf1 Kg7 20. Rac1 Na5 21. Qd1
b6 22. b4 Nc4 23. Qb3 Bd7 24. Bxc4 dxc4 25. Qc2 a5 26. Nc3 Bc6 27. b5 Be8 28.
Ne4 Bg6 29. Nfd2 1/2-1/2

[Event "Plzen, FSB A"]
[Site "?"]
[Date "2000.??.??"]
[Round "9"]
[White "Priborsky, M."]
[Black "Bujnoch, R."]
[Result "1/2-1/2"]
[WhiteElo "1795"]
[BlackElo "2100"]
[PlyCount "25"]
[EventDate "2000.??.??"]
[Source "ChessBase"]
[SourceDate "1996.11.15"]

1. e4 c5 2. c3 d5 3. exd5 Qxd5 4. d4 Nf6 5. Nf3 Bg4 6. Be2 e6 7. O-O Nc6 8. Be3
cxd4 9. Nxd4 Bxe2 10. Qxe2 Nxd4 11. Bxd4 Be7 12. Nd2 O-O 13. Nf3 1/2-1/2

[Event "Plzen, FSB A"]
[Site "?"]
[Date "2000.??.??"]
[Round "9"]
[White "Orsag, M."]
[Black "Petrzela, P."]
[Result "1-0"]
[WhiteElo "2205"]
[BlackElo "2015"]
[PlyCount "37"]
[EventDate "2000.??.??"]
[Source "ChessBase"]
[SourceDate "1996.11.15"]

1. e4 c6 2. Nc3 d5 3. g3 e5 4. Bg2 Be6 5. d3 Bb4 6. a3 Ba5 7. b4 Bc7 8. exd5
cxd5 9. Nf3 f6 10. O-O Ne7 11. Nh4 O-O 12. Na4 Nd7 13. Qe2 Bf7 14. c4 Rb8 15.
Nc3 dxc4 16. dxc4 Nb6 17. c5 Bc4 18. Qg4 f5 19. Nxf5 1-0

[Event "Plzen, FSB A"]
[Site "?"]
[Date "2000.??.??"]
[Round "9"]
[White "Novak, P."]
[Black "Kupka, F."]
[Result "1/2-1/2"]
[WhiteElo "2235"]
[BlackElo "2005"]
[PlyCount "40"]
[EventDate "2000.??.??"]
[Source "ChessBase"]
[SourceDate "1996.11.15"]

1. e4 e6 2. d4 d5 3. e5 b6 4. c3 Qd7 5. Bd3 Ba6 6. Bc2 c5 7. Ne2 Nc6 8. Be3
cxd4 9. Bxd4 Bxe2 10. Qxe2 Nxd4 11. cxd4 Nh6 12. O-O Be7 13. Nc3 O-O 14. Qh5 f6
15. f4 fxe5 16. fxe5 Rxf1+ 17. Rxf1 Rf8 18. Qh3 Rxf1+ 19. Kxf1 Bg5 20. Ke2 g6
1/2-1/2

[Event "Plzen, FSB A"]
[Site "?"]
[Date "2000.??.??"]
[Round "9"]
[White "Kovarik, J."]
[Black "Postupa, P."]
[Result "1/2-1/2"]
[WhiteElo "2010"]
[BlackElo "2165"]
[PlyCount "22"]
[EventDate "2000.??.??"]
[Source "ChessBase"]
[SourceDate "1996.11.15"]

1. Nf3 d5 2. c4 c6 3. cxd5 cxd5 4. d4 Nc6 5. Nc3 Nf6 6. Bf4 e6 7. a3 Be7 8. e3
a6 9. Bd3 O-O 10. h3 h6 11. O-O Bd6 1/2-1/2

[Event "Plzen, FSB A"]
[Site "?"]
[Date "2000.??.??"]
[Round "9"]
[White "Kreiser, U."]
[Black "van Dijk, T."]
[Result "0-1"]
[WhiteElo "2155"]
[BlackElo "2040"]
[PlyCount "86"]
[EventDate "2000.??.??"]
[Source "ChessBase"]
[SourceDate "1996.11.15"]

1. d4 d5 2. Nf3 Nf6 3. c4 e6 4. g3 c6 5. Bg2 Bd6 6. Nc3 Nbd7 7. O-O O-O 8. Qb3
Qe7 9. Re1 dxc4 10. Qxc4 e5 11. e4 Rd8 12. Bg5 h6 13. Bxf6 Qxf6 14. d5 Nb6 15.
Qe2 Bg4 16. dxc6 bxc6 17. h3 Be6 18. Nd2 Bc5 19. b3 Rd7 20. Rad1 Bb4 21. Ndb1
Rad8 22. Rxd7 Nxd7 23. Rd1 Nc5 24. Qc2 Qe7 25. Ne2 Rd6 26. Nc1 Ba5 27. a3 Bb6
28. b4 Nd7 29. Rxd6 Qxd6 30. Qd3 Qd4 31. Qxd4 Bxd4 32. Nd3 c5 33. bxc5 Nxc5 34.
Nb4 Bd7 35. Nc2 Bb2 36. Ne3 Bb5 37. Nd2 Bd3 38. Ndc4 Bd4 39. Nd2 f6 40. Nec4
Kf8 41. Bf1 Bxe4 42. Nxe4 Nxe4 43. Ne3 Bxe3 0-1

[Event "Plzen, FSB A"]
[Site "?"]
[Date "2000.??.??"]
[Round "9"]
[White "Vreugdenhil, F."]
[Black "Schwarz, M."]
[Result "1/2-1/2"]
[WhiteElo "2145"]
[BlackElo "1960"]
[PlyCount "66"]
[EventDate "2000.??.??"]
[Source "ChessBase"]
[SourceDate "1996.11.15"]

1. e4 e5 2. Nf3 Nc6 3. d4 exd4 4. Bc4 Nf6 5. Ng5 d5 6. exd5 Ne5 7. Qe2 Qe7 8.
Bb3 h6 9. f4 Bg4 10. Qxe5 hxg5 11. Qxe7+ Bxe7 12. fxg5 Ne4 13. O-O Bd6 14. Bf4
Be2 15. Bxd6 Bxf1 16. Bxc7 Ba6 17. Be5 Rh7 18. g6 fxg6 19. Bxd4 b6 20. a3 Rc8
21. Nc3 Nxc3 22. Bxc3 Bc4 23. Re1+ Kd7 24. Re6 Bxb3 25. cxb3 Rc5 26. Rxg6 Rxd5
27. h3 Rd3 28. b4 Ke7 29. Rxg7+ Rxg7 30. Bxg7 b5 31. h4 Kf7 32. Bc3 Kg6 33. Kh2
Kh5 1/2-1/2

[Event "Plzen, FSB A"]
[Site "?"]
[Date "2000.??.??"]
[Round "9"]
[White "Vagner, T."]
[Black "Jenicek, J."]
[Result "1-0"]
[WhiteElo "2060"]
[BlackElo "2135"]
[PlyCount "79"]
[EventDate "2000.??.??"]
[Source "ChessBase"]
[SourceDate "1996.11.15"]

1. e4 e5 2. Bc4 Nf6 3. d3 d5 4. exd5 Nxd5 5. Nf3 Nc6 6. O-O Be7 7. Re1 Bg4 8.
h3 Bh5 9. g4 Bg6 10. Nxe5 Nxe5 11. Rxe5 Nb6 12. Qe2 Nxc4 13. dxc4 f6 14. Rd5
Qc8 15. Bf4 Kf7 16. Nc3 c6 17. Rd2 Re8 18. Re1 Bb4 19. Qxe8+ Qxe8 20. Rxe8 Rxe8
21. Be3 Bxc3 22. bxc3 a6 23. Kf1 Re4 24. Bd4 h5 25. f3 Re8 26. Kf2 hxg4 27.
fxg4 Kg8 28. a4 Bf7 29. c5 Bd5 30. a5 Re4 31. Rd1 Bc4 32. Be3 Bb5 33. Rd8+ Kh7
34. Rd7 Ra4 35. Bd4 Kh6 36. h4 Rxa5 37. h5 Ra1 38. c4 Ra2 39. cxb5 Rxc2+ 40.
Kf3 1-0

[Event "Plzen, FSB A"]
[Site "?"]
[Date "2000.??.??"]
[Round "9"]
[White "Kriz, L."]
[Black "Bantle, M."]
[Result "1-0"]
[WhiteElo "2130"]
[BlackElo "1970"]
[PlyCount "131"]
[EventDate "2000.??.??"]
[Source "ChessBase"]
[SourceDate "1996.11.15"]

1. e4 c5 2. Nf3 Nc6 3. d4 cxd4 4. Nxd4 a6 5. Nxc6 bxc6 6. c4 Qc7 7. Nc3 e6 8.
Bd3 Bd6 9. Qg4 Be5 10. f4 h5 11. Qg5 Bf6 12. Qg3 h4 13. Qf2 d6 14. O-O h3 15.
g4 Bh4 16. Qe3 Qa7 17. Be2 Qxe3+ 18. Bxe3 Rb8 19. b3 Bf6 20. Rac1 Bb7 21. c5
Be7 22. Na4 d5 23. exd5 exd5 24. g5 f6 25. Bg4 Bc8 26. Be2 Bd8 27. Bd3 Ne7 28.
Bd2 Rh4 29. gxf6 Rg4+ 30. Kf2 Rg2+ 31. Ke1 gxf6 32. Rf2 Rg8 33. Bf1 Ng6 34. Rc3
Rh8 35. f5 Ne5 36. Bxh3 Rb7 37. Bf1 Rbh7 38. h3 Rh5 39. Nb6 Bxf5 40. Be2 Bxh3
41. Bxh5+ Rxh5 42. Rh2 Bg4 43. Rxh5 Bxh5 44. Rh3 Bg4 45. Rh8+ Ke7 46. Ba5 Nf7
47. Rh7 Kf8 48. b4 Be6 49. Na8 Bxa5 50. bxa5 Bf5 51. Rh5 Bd3 52. Kd2 Bc4 53. a3
Ne5 54. Nb6 Ba2 55. Rxe5 fxe5 56. Nd7+ Ke8 57. Nxe5 Kd8 58. Nxc6+ Ke8 59. Kc3
Bc4 60. Kd4 Bf1 61. Nb4 Kd7 62. Kxd5 Kc7 63. c6 Kb8 64. Kd6 Ka7 65. Kd7 Bh3+
66. Kd8 1-0

[Event "Plzen, FSB A"]
[Site "?"]
[Date "2000.??.??"]
[Round "9"]
[White "Reitinger, P."]
[Black "Balcar, M."]
[Result "0-1"]
[WhiteElo "2120"]
[BlackElo "1955"]
[PlyCount "70"]
[EventDate "2000.??.??"]
[Source "ChessBase"]
[SourceDate "1996.11.15"]

1. e4 c5 2. c3 Nf6 3. e5 Nd5 4. d4 cxd4 5. cxd4 e6 6. Nf3 d6 7. Nc3 Nxc3 8.
bxc3 Nc6 9. exd6 Bxd6 10. Bd3 Qc7 11. O-O Ne7 12. c4 Ng6 13. g3 O-O 14. Ng5 h6
15. Ne4 Be7 16. Qh5 Bd7 17. Be3 Rad8 18. Rac1 Be8 19. Qe2 f5 20. Nd2 Bf6 21.
Nb3 Ne7 22. Rfd1 Bf7 23. f4 Nc6 24. Bb1 Rd6 25. d5 exd5 26. c5 Rd7 27. Bxf5 Re7
28. Qd2 Rfe8 29. Re1 a5 30. Kf2 d4 31. Nxd4 Nxd4 32. Bxd4 Rxe1 33. Rxe1 Rd8 34.
Re4 Bxd4+ 35. Rxd4 Qxc5 0-1

[Event "Plzen, FSB A"]
[Site "?"]
[Date "2000.??.??"]
[Round "9"]
[White "Chalupecky, V."]
[Black "Nielsen, T."]
[Result "1-0"]
[WhiteElo "1970"]
[BlackElo "2115"]
[PlyCount "121"]
[EventDate "2000.??.??"]
[Source "ChessBase"]
[SourceDate "1996.11.15"]

1. e4 c5 2. Nf3 d6 3. d4 cxd4 4. Nxd4 Nf6 5. Nc3 g6 6. Be2 Bg7 7. Be3 O-O 8. g4
Nc6 9. g5 Nd7 10. h4 Re8 11. h5 Nf8 12. Qd2 Bd7 13. O-O-O Rc8 14. f4 Qa5 15.
Kb1 a6 16. Nd5 Qxd2 17. Rxd2 Nxd4 18. Bxd4 Bxd4 19. Rxd4 Ne6 20. Rd3 Bc6 21.
hxg6 fxg6 22. Bg4 Bxd5 23. exd5 Nxf4 24. Rf3 Rc4 25. Rhf1 Rf8 26. Re1 Rc7 27.
b3 Nh5 28. Be6+ Kg7 29. Rxf8 Kxf8 30. Rf1+ Nf6 31. gxf6 exf6 32. Rxf6+ Kg7 33.
Rf1 h5 34. c4 b6 35. Kc2 g5 36. Kd3 Kg6 37. Rf8 g4 38. Rd8 Rg7 39. Rxd6 Kg5 40.
Ke3 h4 41. Rd8 h3 42. Rh8 Rg6 43. Ke4 Kf6 44. Bxg4 Rxg4+ 45. Kf3 Rg6 46. Rxh3
Ke5 47. Ke3 b5 48. Kd3 bxc4+ 49. bxc4 Kd6 50. Rh8 Rg3+ 51. Kd4 Rg4+ 52. Kc3
Rg3+ 53. Kb4 a5+ 54. Kxa5 Ra3+ 55. Kb6 Rxa2 56. Rh6+ Kd7 57. c5 Rb2+ 58. Ka5
Kc7 59. Rh7+ Kc8 60. d6 Rb1 61. c6 1-0

[Event "Plzen, FSB A"]
[Site "?"]
[Date "2000.??.??"]
[Round "9"]
[White "Kovar, V."]
[Black "Priborsky, I."]
[Result "1/2-1/2"]
[WhiteElo "2105"]
[BlackElo "1955"]
[PlyCount "28"]
[EventDate "2000.??.??"]
[Source "ChessBase"]
[SourceDate "1996.11.15"]

1. d4 Nf6 2. Nf3 g6 3. g3 Bg7 4. Bg2 O-O 5. O-O d6 6. c4 Nbd7 7. Nc3 e5 8. e4
exd4 9. Nxd4 Re8 10. Re1 Ng4 11. h3 Nge5 12. b3 Nc5 13. Be3 Bd7 14. Re2 a5
1/2-1/2

[Event "Plzen, FSB A"]
[Site "?"]
[Date "2000.??.??"]
[Round "9"]
[White "Houska, J."]
[Black "Decka, E."]
[Result "0-1"]
[WhiteElo "1840"]
[BlackElo "2065"]
[PlyCount "92"]
[EventDate "2000.??.??"]
[Source "ChessBase"]
[SourceDate "1996.11.15"]

1. e4 c5 2. Nf3 d6 3. d4 cxd4 4. Nxd4 Nf6 5. Nc3 a6 6. Bg5 Nc6 7. Bxf6 gxf6 8.
Qd2 h5 9. Nf5 Bxf5 10. exf5 Bh6 11. f4 Qb6 12. O-O-O Qc5 13. Nd5 O-O-O 14. Be2
Bg7 15. Qd3 e6 16. Nc3 d5 17. Bf3 Nb4 18. Qe2 d4 19. Qe4 Nc6 20. Ne2 exf5 21.
Qd3 Nb4 22. Qb3 d3 23. Nc3 dxc2 24. Rxd8+ Rxd8 25. Na4 Bh6 26. g3 Nxa2+ 27.
Qxa2 Qe3+ 28. Kxc2 Qd3+ 29. Kc1 Qxf3 30. Re1 Qd3 31. b3 Rd6 32. Re8+ Kc7 33.
Re7+ Kd8 34. Qe2 Rc6+ 35. Kb2 Qxe2+ 36. Rxe2 Bf8 37. Rd2+ Kc7 38. Rd5 Bb4 39.
Rxf5 b5 40. Rxh5 bxa4 41. bxa4 Be7 42. Rh7 Kd7 43. Rxf7 Rc4 44. Kb3 Rb4+ 45.
Kc2 Rxa4 46. f5 Ra2+ 0-1

[Event "Plzen, FSB A"]
[Site "?"]
[Date "2000.??.??"]
[Round "9"]
[White "Vladyka, V."]
[Black "Pfiender, H."]
[Result "1-0"]
[WhiteElo "2065"]
[BlackElo "1905"]
[PlyCount "67"]
[EventDate "2000.??.??"]
[Source "ChessBase"]
[SourceDate "1996.11.15"]

1. e4 Nc6 2. d4 d5 3. e5 Bf5 4. Nf3 e6 5. Bd3 Nge7 6. O-O Qd7 7. c3 O-O-O 8. b4
Bxd3 9. Qxd3 f6 10. Re1 f5 11. a4 h6 12. a5 g5 13. b5 Nb8 14. Re2 Ng6 15. Rb2
Qf7 16. b6 axb6 17. axb6 c6 18. Ra8 g4 19. Ne1 h5 20. Qd1 Kd7 21. Rba2 f4 22.
Qa4 Be7 23. Qa7 Qf8 24. Qxb7+ Ke8 25. Rxb8 Kf7 26. Rxd8 Qxd8 27. Qxc6 g3 28.
fxg3 fxg3 29. hxg3 Nxe5 30. dxe5 d4 31. Rf2+ Kg7 32. Qxe6 Rf8 33. Rxf8 Qxf8 34.
Bh6+ 1-0

[Event "Plzen, FSB A"]
[Site "?"]
[Date "2000.??.??"]
[Round "9"]
[White "Kracik, D."]
[Black "Sedlacek, J."]
[Result "0-1"]
[WhiteElo "2045"]
[BlackElo "1865"]
[PlyCount "52"]
[EventDate "2000.??.??"]
[Source "ChessBase"]
[SourceDate "1996.11.15"]

1. e4 d5 2. exd5 Nf6 3. c4 c6 4. d4 cxd5 5. Nc3 e6 6. Nf3 Be7 7. Bd3 O-O 8. O-O
Nc6 9. b3 a6 10. a3 Kh8 11. Bc2 Qc7 12. Qd3 dxc4 13. bxc4 e5 14. Bg5 e4 15.
Nxe4 Bf5 16. Bxf6 Bxf6 17. Rad1 Rad8 18. Qe3 Rfe8 19. d5 Na5 20. c5 Nc4 21. Qb3
Bxe4 22. Qxc4 Bxc2 23. Qxc2 Be7 24. d6 Bxd6 25. Rxd6 Rxd6 26. Qa4 Rdd8 0-1

[Event "Plzen, FSB A"]
[Site "?"]
[Date "2000.??.??"]
[Round "9"]
[White "Jenc, M."]
[Black "Snaidr, J."]
[Result "0-1"]
[WhiteElo "1790"]
[BlackElo "2015"]
[PlyCount "54"]
[EventDate "2000.??.??"]
[Source "ChessBase"]
[SourceDate "1996.11.15"]

1. e4 c5 2. Nf3 Nc6 3. d4 cxd4 4. Nxd4 Nf6 5. Nc3 d6 6. Be2 e5 7. Nb3 Be7 8.
O-O O-O 9. Be3 Be6 10. Bf3 a5 11. a4 Nb4 12. Nd5 Bxd5 13. exd5 e4 14. Be2 Nbxd5
15. Bd4 Nf4 16. Bg4 Ne6 17. Bxf6 Bxf6 18. Qd5 Re8 19. Qxb7 Rb8 20. Qd5 Bxb2 21.
Rad1 Be5 22. Qxa5 Qh4 23. h3 Nf4 24. Nd4 h5 25. Bd7 Bxd4 26. Bxe8 Qg3 27. Bxf7+
Kf8 0-1

[Event "Plzen, FSB A"]
[Site "?"]
[Date "2000.??.??"]
[Round "9"]
[White "Strnad, J."]
[Black "Hoff, T."]
[Result "1-0"]
[WhiteElo "1920"]
[BlackElo "2050"]
[PlyCount "76"]
[EventDate "2000.??.??"]
[Source "ChessBase"]
[SourceDate "1996.11.15"]

1. Nf3 g6 2. g3 Bg7 3. Bg2 Nf6 4. c4 d6 5. O-O O-O 6. Nc3 e5 7. d3 c6 8. Bd2 h6
9. Rc1 a5 10. e4 Na6 11. a3 Nc5 12. Be3 Ne6 13. Qd2 Ng4 14. b4 Nxe3 15. fxe3 h5
16. Rb1 axb4 17. axb4 Bh6 18. Ra1 Rxa1 19. Rxa1 Qb6 20. Nd1 Nd4 21. Ra3 Bg4 22.
Kf2 f5 23. c5 dxc5 24. Qa2+ Kg7 25. bxc5 Qxc5 26. exd4 exd4 27. Ra5 Qc1 28. Qe2
fxe4 29. dxe4 g5 30. Ke1 Bxf3 31. Bxf3 g4 32. Bxg4 hxg4 33. Qxg4+ Kh8 34. Qe2
Bd2+ 35. Qxd2 Rf1+ 36. Ke2 Qc4+ 37. Qd3 Re1+ 38. Kd2 Rxd1+ 1-0

[Event "Plzen, FSB A"]
[Site "?"]
[Date "2000.??.??"]
[Round "9"]
[White "Foglar, S."]
[Black "Priborsky, J."]
[Result "0-1"]
[WhiteElo "2005"]
[BlackElo "1940"]
[PlyCount "62"]
[EventDate "2000.??.??"]
[Source "ChessBase"]
[SourceDate "1996.11.15"]

1. e4 e5 2. Nf3 Nc6 3. Bb5 f5 4. Nc3 fxe4 5. Nxe4 d5 6. Ng3 Bg4 7. h3 Bxf3 8.
Qxf3 Nf6 9. d3 Bd6 10. c3 O-O 11. O-O Ne7 12. Qe2 c6 13. Ba4 Qd7 14. Bg5 a5 15.
c4 Qe6 16. a3 Kh8 17. Bb3 h6 18. Bd2 Nf5 19. Nxf5 Qxf5 20. Bc2 dxc4 21. Bc3
cxd3 22. Bxd3 e4 23. Bc2 Be5 24. f3 Bxc3 25. bxc3 Qc5+ 26. Kh1 Nh5 27. Qe1 exf3
28. Rxf3 Rxf3 29. gxf3 Rf8 30. Bg6 Rxf3 31. Qe6 Ng3+ 0-1

[Event "Plzen, FSB A"]
[Site "?"]
[Date "2000.??.??"]
[Round "9"]
[White "Epitashvili, K."]
[Black "Vlk, M."]
[Result "1-0"]
[WhiteElo "2100"]
[BlackElo "1950"]
[PlyCount "61"]
[EventDate "2000.??.??"]
[Source "ChessBase"]
[SourceDate "1996.11.15"]

1. e4 e5 2. Nf3 Nf6 3. Nxe5 d6 4. Nf3 Nxe4 5. d4 d5 6. Bd3 Nc6 7. O-O Be7 8.
Re1 Bg4 9. Bxe4 dxe4 10. Rxe4 f5 11. Re1 Bxf3 12. Qxf3 Nxd4 13. Qh5+ g6 14. Qd1
O-O 15. c3 Nc6 16. Qb3+ Kg7 17. Nd2 Na5 18. Qa4 b6 19. Nf3 Bf6 20. Qf4 Nb7 21.
Qh6+ Kg8 22. Ng5 Qd7 23. Bf4 Rfe8 24. Red1 Qe7 25. h4 Rad8 26. h5 Qg7 27. Qxg7+
Kxg7 28. Rxd8 Bxd8 29. Rd1 h6 30. Rd7+ Kg8 31. Nf7 1-0

[Event "Plzen, FSB A"]
[Site "?"]
[Date "2000.??.??"]
[Round "9"]
[White "Marous, R."]
[Black "Polak, B."]
[Result "1/2-1/2"]
[WhiteElo "1815"]
[BlackElo "2005"]
[PlyCount "20"]
[EventDate "2000.??.??"]
[Source "ChessBase"]
[SourceDate "1996.11.15"]

1. e4 Nf6 2. e5 Nd5 3. d4 d6 4. Nf3 dxe5 5. Nxe5 g6 6. c4 Nf6 7. Nc3 Bg7 8. Be3
Nbd7 9. Nf3 O-O 10. Bd3 e5 1/2-1/2